Criminal Case: The Conspiracy - Statistics

General Stats
  • This quiz has been taken 18 times
  • The average score is 116 of 496
Answer Stats
Case Status Answer % Correct
1. Snake in the Grass Quasi-Suspect Gloria Hayes
82%
6. Hear My Cry Suspect Gloria Hayes
82%
9. Shooting Star Quasi-Suspect Gloria Hayes
82%
22. Color Me Murdered Quasi-Suspect Gloria Hayes
82%
1. Snake in the Grass Quasi-Suspect David Jones
73%
2. Hell is Other People Quasi-Suspect David Jones
73%
6. Hear My Cry Quasi-Suspect David Jones
73%
8. Stonewalled Quasi-Suspect David Jones
73%
9. Shooting Star Quasi-Suspect David Jones
73%
10. The Bloom of Doom Quasi-Suspect David Jones
73%
23. I Lost My Heart in Xerda Quasi-Suspect David Jones
73%
34. Death in My Hand Quasi-Suspect David Jones
73%
36. Up in Flames Suspect David Jones
73%
52. Head Case Quasi-Suspect David Jones
73%
1. Snake in the Grass Victim Nathan Pandit
73%
36. Up in Flames Quasi-Suspect Denise Daniels
64%
48. To Kingdom Come Quasi-Suspect Denise Daniels
64%
51. Out of Breath Suspect Denise Daniels
64%
56. To Eternity and Beyond Suspect Denise Daniels
64%
60. Blaze of Glory Victim Denise Daniels
64%
8. Stonewalled Suspect Christian Bateman
55%
11. Hot Mess Suspect Christian Bateman
55%
12. The Art of Murder Killer Christian Bateman
55%
47. In Vino Veritas Suspect Christian Bateman
55%
48. To Kingdom Come Suspect Christian Bateman
55%
53. Playing Dead Suspect Christian Bateman
55%
57. Reap What You Sow Victim Christian Bateman
55%
6. Hear My Cry Victim Edward Ramis
55%
18. Game Over Victim Juniper
55%
1. Snake in the Grass Killer Kit Partridge
55%
8. Stonewalled Quasi-Suspect Louis Leroux
55%
9. Shooting Star Suspect Louis Leroux
55%
25. Muddying the Waters Quasi-Suspect Louis Leroux
55%
34. Death in My Hand Suspect Louis Leroux
55%
49. Dearly Departured Suspect Louis Leroux
55%
52. Head Case Killer Louis Leroux
55%
53. Playing Dead Quasi-Suspect Louis Leroux
55%
54. Breaking News Victim Louis Leroux
55%
2. Hell is Other People Suspect Rosamund Wilcox
55%
4. Cross My Heart Quasi-Suspect Rosamund Wilcox
55%
5. Too Cruel for School Quasi-Suspect Rosamund Wilcox
55%
6. Hear My Cry Killer Rosamund Wilcox
55%
52. Head Case Suspect Rosamund Wilcox
55%
31. Domesday Suspect Rupert in Disguise
55%
13. Gone Pear-Shaped Quasi-Suspect Rupert Winchester
55%
15. Murder on the Dance Floor Quasi-Suspect Rupert Winchester
55%
18. Game Over Suspect Rupert Winchester
55%
27. Behind These Walls Quasi-Suspect Rupert Winchester
55%
30. Blood in the Water Quasi-Suspect Rupert Winchester
55%
32. Things Fall Apart Victim Rupert Winchester
55%
57. Reap What You Sow Quasi-Suspect Amir
45%
1. Snake in the Grass Suspect Harper Stone
45%
30. Blood in the Water Quasi-Suspect Joe Warren
45%
35. In Cold Blood Quasi-Suspect Joe Warren
45%
36. Up in Flames Quasi-Suspect Joe Warren
45%
46. Like a Pig to the Slaughter Quasi-Suspect Joe Warren
45%
49. Dearly Departured Suspect Joe Warren
45%
57. Reap What You Sow Killer Joe Warren
45%
59. Eve of Disaster Quasi-Suspect Joe Warren
45%
60. Blaze of Glory Suspect Joe Warren
45%
5. Too Cruel for School Suspect Julian Ramis
45%
6. Hear My Cry Suspect Julian Ramis
45%
38. Pain in the Neck Suspect Julian Ramis
45%
43. Fields of Murder Quasi-Suspect Mia Loukas
45%
46. Like a Pig to the Slaughter Suspect Mia Loukas
45%
48. To Kingdom Come Victim Mia Loukas
45%
51. Out of Breath Suspect Otto Kessel
45%
56. To Eternity and Beyond Suspect Otto Kessel
45%
58. Extinguished Suspect Otto Kessel
45%
60. Blaze of Glory Killer Otto Kessel
45%
4. Cross My Heart Quasi-Suspect Rita Estevez
45%
16. Buzz Kill Quasi-Suspect Rita Estevez
45%
26. Bone of Contention Quasi-Suspect Rita Estevez
45%
39. Deadeye Quasi-Suspect Rita Estevez
45%
44. A Crime Like No Udder Quasi-Suspect Rita Estevez
45%
51. Out of Breath Quasi-Suspect Rita Estevez
45%
60. Blaze of Glory Quasi-Suspect Rita Estevez
45%
13. Gone Pear-Shaped Suspect Rozetta Pierre
45%
15. Murder on the Dance Floor Quasi-Suspect Rozetta Pierre
45%
17. Downward-Facing Dead Suspect Rozetta Pierre
45%
18. Game Over Suspect Rozetta Pierre
45%
24. The Truth Hurts Quasi-Suspect Rozetta Pierre
45%
31. Domesday Suspect Rozetta Pierre
45%
33. A Rock and a Hard Place Suspect Rozetta Pierre
45%
36. Up in Flames Suspect Rozetta Pierre
45%
57. Reap What You Sow Suspect Rozetta Pierre
45%
59. Eve of Disaster Quasi-Suspect Rozetta Pierre
45%
19. The Lost City Quasi-Suspect Steven Crowe
45%
23. I Lost My Heart in Xerda Suspect Steven Crowe
45%
24. The Truth Hurts Victim Steven Crowe
45%
12. The Art of Murder Suspect Tony Marconi
45%
13. Gone Pear-Shaped Quasi-Suspect Tony Marconi
45%
15. Murder on the Dance Floor Suspect Tony Marconi
45%
18. Game Over Quasi-Suspect Tony Marconi
45%
23. I Lost My Heart in Xerda Quasi-Suspect Tony Marconi
45%
27. Behind These Walls Quasi-Suspect Tony Marconi
45%
32. Things Fall Apart Suspect Tony Marconi
45%
34. Death in My Hand Quasi-Suspect Tony Marconi
45%
36. Up in Flames Victim Tony Marconi
45%
12. The Art of Murder Quasi-Suspect Zoe Kusama
45%
17. Downward-Facing Dead Quasi-Suspect Zoe Kusama
45%
23. I Lost My Heart in Xerda Quasi-Suspect Zoe Kusama
45%
26. Bone of Contention Quasi-Suspect Zoe Kusama
45%
34. Death in My Hand Killer Zoe Kusama
45%
52. Head Case Victim Zoe Kusama
45%
50. Lights Out Quasi-Suspect Alex Turner
36%
14. Byte the Dust Victim Ash Bison
36%
5. Too Cruel for School Quasi-Suspect Carter Hayes
36%
22. Color Me Murdered Quasi-Suspect Carter Hayes
36%
41. Trick or Treat Quasi-Suspect Carter Hayes
36%
55. Running Scared Quasi-Suspect Carter Hayes
36%
3. The Saddest of All Keys Quasi-Suspect Cathy Turner
36%
6. Hear My Cry Quasi-Suspect Cathy Turner
36%
18. Game Over Quasi-Suspect Cathy Turner
36%
28. Dead Men Tell No Tales Quasi-Suspect Cathy Turner
36%
30. Blood in the Water Quasi-Suspect Cathy Turner
36%
6. Hear My Cry Quasi-Suspect Diane Parker
36%
11. Hot Mess Quasi-Suspect Diane Parker
36%
27. Behind These Walls Quasi-Suspect Diane Parker
36%
28. Dead Men Tell No Tales Quasi-Suspect Diane Parker
36%
30. Blood in the Water Quasi-Suspect Diane Parker
36%
32. Things Fall Apart Quasi-Suspect Diane Parker
36%
39. Deadeye Quasi-Suspect Diane Parker
36%
42. Lashing Out Quasi-Suspect Diane Parker
36%
48. To Kingdom Come Quasi-Suspect Diane Parker
36%
60. Blaze of Glory Suspect Diane Parker
36%
1. Snake in the Grass Suspect Jackson Peacock
36%
41. Trick or Treat Quasi-Suspect Jake Hayes
36%
55. Running Scared Victim Jake Hayes
36%
2. Hell is Other People Quasi-Suspect Martine Meunier
36%
7. Flatline Quasi-Suspect Martine Meunier
36%
21. Writer's Blocked Quasi-Suspect Martine Meunier
36%
28. Dead Men Tell No Tales Quasi-Suspect Martine Meunier
36%
44. A Crime Like No Udder Quasi-Suspect Martine Meunier
36%
9. Shooting Star Quasi-Suspect Meera Kat
36%
10. The Bloom of Doom Suspect Meera Kat
36%
12. The Art of Murder Victim Meera Kat
36%
7. Flatline Quasi-Suspect Amir Devani
27%
13. Gone Pear-Shaped Quasi-Suspect Amir Devani
27%
15. Murder on the Dance Floor Quasi-Suspect Amir Devani
27%
17. Downward-Facing Dead Quasi-Suspect Amir Devani
27%
20. No Mercy for Old Men Quasi-Suspect Amir Devani
27%
32. Things Fall Apart Quasi-Suspect Amir Devani
27%
33. A Rock and a Hard Place Quasi-Suspect Amir Devani
27%
35. In Cold Blood Quasi-Suspect Amir Devani
27%
58. Extinguished Quasi-Suspect Amir Devani
27%
60. Blaze of Glory Quasi-Suspect Amir Devani
27%
31. Domesday Suspect Barb Bellamy
27%
32. Things Fall Apart Suspect Barb Bellamy
27%
33. A Rock and a Hard Place Victim Barb Bellamy
27%
14. Byte the Dust Suspect Big Baby
27%
27. Behind These Walls Suspect Clive Bloom
27%
55. Running Scared Suspect Clive Bloom
27%
39. Deadeye Suspect Courtney Guerra
27%
42. Lashing Out Suspect Courtney Guerra
27%
38. Pain in the Neck Suspect Dorothy Kix
27%
42. Lashing Out Suspect Dorothy Kix
27%
5. Too Cruel for School Quasi-Suspect Dr Greg Gibbs
27%
7. Flatline Victim Dr Greg Gibbs
27%
33. A Rock and a Hard Place Suspect Emilio Fuller
27%
35. In Cold Blood Suspect Emilio Fuller
27%
36. Up in Flames Killer Emilio Fuller
27%
31. Domesday Suspect Ernesto Vega
27%
34. Death in My Hand Victim Ernesto Vega
27%
2. Hell is Other People Suspect Greg Gibbs
27%
6. Hear My Cry Suspect Greg Gibbs
27%
38. Pain in the Neck Suspect Gregory Lynn
27%
41. Trick or Treat Victim Gregory Lynn
27%
3. The Saddest of All Keys Victim Ian Devine
27%
3. The Saddest of All Keys Suspect Izzy Ramsey
27%
6. Hear My Cry Quasi-Suspect Izzy Ramsey
27%
50. Lights Out Suspect Izzy Ramsey
27%
53. Playing Dead Suspect Izzy Ramsey
27%
58. Extinguished Suspect Izzy Ramsey
27%
60. Blaze of Glory Suspect Izzy Ramsey
27%
2. Hell is Other People Quasi-Suspect Jasper Everett
27%
20. No Mercy for Old Men Quasi-Suspect Jasper Everett
27%
32. Things Fall Apart Suspect Jasper Everett
27%
52. Head Case Quasi-Suspect Jasper Everett
27%
57. Reap What You Sow Quasi-Suspect Jasper Everett
27%
59. Eve of Disaster Suspect Jasper Everett
27%
44. A Crime Like No Udder Suspect Julia Brine
27%
45. A Pointy End Suspect Julia Brine
27%
57. Reap What You Sow Suspect Julia Brine
27%
15. Murder on the Dance Floor Victim Kalua Kaboom
27%
38. Pain in the Neck Suspect Kevin Charles
27%
40. Game, Set, Murder Quasi-Suspect Kevin Charles
27%
41. Trick or Treat Suspect Kevin Charles
27%
42. Lashing Out Victim Kevin Charles
27%
40. Game, Set, Murder Suspect Lucius Roth
27%
42. Lashing Out Suspect Lucius Roth
27%
19. The Lost City Suspect Marcus Butler
27%
22. Color Me Murdered Victim Marcus Butler
27%
26. Bone of Contention Suspect Martha Price
27%
30. Blood in the Water Victim Martha Price
27%
44. A Crime Like No Udder Suspect Paul Sheppard
27%
48. To Kingdom Come Suspect Paul Sheppard
27%
58. Extinguished Suspect Paul Sheppard
27%
60. Blaze of Glory Suspect Paul Sheppard
27%
1. Snake in the Grass Suspect Pippa Goldfinch
27%
5. Too Cruel for School Suspect Pippa Goldfinch
27%
41. Trick or Treat Suspect Polly O'Brien
27%
42. Lashing Out Killer Polly O'Brien
27%
54. Breaking News Suspect Polly O'Brien
27%
16. Buzz Kill Killer Prisha Chandra
27%
19. The Lost City Suspect Ray Parker
27%
21. Writer's Blocked Quasi-Suspect Ray Parker
27%
23. I Lost My Heart in Xerda Suspect Ray Parker
27%
25. Muddying the Waters Quasi-Suspect Ray Parker
27%
28. Dead Men Tell No Tales Quasi-Suspect Ray Parker
27%
29. Light My Fire Quasi-Suspect Ray Parker
27%
30. Blood in the Water Suspect Ray Parker
27%
43. Fields of Murder Suspect Roy Loukas
27%
45. A Pointy End Quasi-Suspect Roy Loukas
27%
46. Like a Pig to the Slaughter Victim Roy Loukas
27%
9. Shooting Star Suspect Savannah Blake
27%
47. In Vino Veritas Suspect Savannah Blake
27%
53. Playing Dead Victim Savannah Blake
27%
35. In Cold Blood Suspect Shweta Noorani
27%
54. Breaking News Killer Shweta Noorani
27%
19. The Lost City Suspect Skylar Sage
27%
24. The Truth Hurts Killer Skylar Sage
27%
40. Game, Set, Murder Victim Stephanie Griff
27%
14. Byte the Dust Suspect Tim Cooper
27%
18. Game Over Killer Tim Cooper
27%
1. Snake in the Grass Suspect Vince Moon
27%
2. Hell is Other People Suspect Aaron Seabrook
18%
4. Cross My Heart Suspect Ace Boome
18%
41. Trick or Treat Killer Adrian Lynn
18%
9. Shooting Star Suspect Annie Schmidt
18%
16. Buzz Kill Quasi-Suspect Annie Schmidt
18%
18. Game Over Suspect Annie Schmidt
18%
58. Extinguished Killer April Liu
18%
37. Final Cut Quasi-Suspect Azeeb Patel
18%
41. Trick or Treat Suspect Azeeb Patel
18%
42. Lashing Out Suspect Azeeb Patel
18%
19. The Lost City Suspect Bruno Camper
18%
23. I Lost My Heart in Xerda Killer Bruno Camper
18%
17. Downward-Facing Dead Suspect Captain Clementine
18%
39. Deadeye Suspect Captain Clementine
18%
5. Too Cruel for School Suspect Chelsea Bloom
18%
27. Behind These Walls Suspect Chelsea Bloom
18%
43. Fields of Murder Suspect Christy Cole
18%
45. A Pointy End Victim Christy Cole
18%
47. In Vino Veritas Victim Cora Bateman
18%
33. A Rock and a Hard Place Killer Cyril Shelwater
18%
44. A Crime Like No Udder Victim Debby Gideon
18%
37. Final Cut Suspect Donna Walker
18%
38. Pain in the Neck Quasi-Suspect Donna Walker
18%
40. Game, Set, Murder Quasi-Suspect Donna Walker
18%
58. Extinguished Victim Dr Henry Liu
18%
12. The Art of Murder Quasi-Suspect Dr Jennifer Russo
18%
24. The Truth Hurts Quasi-Suspect Dr Jennifer Russo
18%
52. Head Case Suspect Dr Jennifer Russo
18%
12. The Art of Murder Quasi-Suspect Eduardo Ramirez
18%
51. Out of Breath Quasi-Suspect Eduardo Ramirez
18%
2. Hell is Other People Victim Elaine Seabrook
18%
28. Dead Men Tell No Tales Suspect Ernest Emerson
18%
30. Blood in the Water Killer Ernest Emerson
18%
31. Domesday Victim Fred Drucker
18%
10. The Bloom of Doom Quasi-Suspect Gabriel Herrera
18%
23. I Lost My Heart in Xerda Quasi-Suspect Gabriel Herrera
18%
24. The Truth Hurts Suspect Gabriel Herrera
18%
33. A Rock and a Hard Place Quasi-Suspect Gabriel Herrera
18%
38. Pain in the Neck Quasi-Suspect Gabriel Herrera
18%
58. Extinguished Suspect Gina Rowbottom
18%
37. Final Cut Suspect Gunnar Burns
18%
40. Game, Set, Murder Killer Gunnar Burns
18%
43. Fields of Murder Victim Gus McGuff
18%
35. In Cold Blood Suspect Herman Jeffries
18%
34. Death in My Hand Suspect James Savage
18%
55. Running Scared Suspect James Savage
18%
14. Byte the Dust Killer Joy Schneider
18%
34. Death in My Hand Quasi-Suspect Judge Powell
18%
35. In Cold Blood Quasi-Suspect Judge Powell
18%
53. Playing Dead Quasi-Suspect Judge Powell
18%
19. The Lost City Victim Karen Boulder
18%
23. I Lost My Heart in Xerda Victim Kayla Markham
18%
49. Dearly Departured Quasi-Suspect Mandy Pregodich
18%
55. Running Scared Killer Mandy Pregodich
18%
4. Cross My Heart Killer Megan Lucas
18%
40. Game, Set, Murder Suspect Miranda Cohen
18%
32. Things Fall Apart Suspect Philip Hoover
18%
33. A Rock and a Hard Place Suspect Philip Hoover
18%
36. Up in Flames Suspect Philip Hoover
18%
51. Out of Breath Quasi-Suspect Philip Hoover
18%
35. In Cold Blood Killer Rosie Summers
18%
37. Final Cut Suspect Sally Hooper
18%
20. No Mercy for Old Men Victim Sam Chey
18%
39. Deadeye Victim Sam De Witt
18%
17. Downward-Facing Dead Victim Scott Morris
18%
37. Final Cut Killer Toby Hansen
18%
14. Byte the Dust Suspect Troy Cassidy
18%
55. Running Scared Suspect Troy Cassidy
18%
8. Stonewalled Suspect Trudy Lively
18%
54. Breaking News Suspect Trudy Lively
18%
57. Reap What You Sow Suspect Trudy Lively
18%
5. Too Cruel for School Victim Vicky Lopez
18%
27. Behind These Walls Killer Violet Bloom
18%
33. A Rock and a Hard Place Suspect Wendy Stokes
18%
35. In Cold Blood Victim Wendy Stokes
18%
54. Breaking News Suspect Willie Redfern
18%
43. Fields of Murder Suspect Abby Lee
9%
45. A Pointy End Killer Abel Dreschner
9%
16. Buzz Kill Suspect Archibald Ashworth
9%
39. Deadeye Suspect Ashley Howard
9%
16. Buzz Kill Victim Beckett Blanton
9%
39. Deadeye Suspect Blaise Studebaker
9%
40. Game, Set, Murder Suspect Bradley Fields
9%
46. Like a Pig to the Slaughter Suspect Brock Perry
9%
48. To Kingdom Come Killer Brock Perry
9%
4. Cross My Heart Suspect Brooke Long
9%
53. Playing Dead Quasi-Suspect Brooke Long
9%
28. Dead Men Tell No Tales Killer Carl Rossa
9%
16. Buzz Kill Suspect Carol Blanton
9%
26. Bone of Contention Suspect Celine Dernier
9%
29. Light My Fire Victim Celine Dernier
9%
56. To Eternity and Beyond Suspect Christine Ramsgate
9%
37. Final Cut Victim Cindy McMinn
9%
53. Playing Dead Killer Clarisse Gold
9%
29. Light My Fire Killer Cliff Montgomery
9%
5. Too Cruel for School Killer Coach Kirk
9%
43. Fields of Murder Killer Cody Mays
9%
2. Hell is Other People Killer Cynthia Lane
9%
16. Buzz Kill Suspect Daisy Woods
9%
55. Running Scared Suspect Danny Williams
9%
59. Eve of Disaster Suspect Danny Williams
9%
20. No Mercy for Old Men Suspect Dara Chey
9%
49. Dearly Departured Victim Dolores Zamora
9%
34. Death in My Hand Suspect Doris Black
9%
51. Out of Breath Victim Doris Black
9%
32. Things Fall Apart Killer Dr Catherine Kelly
9%
24. The Truth Hurts Suspect Elvira Milton
9%
18. Game Over Suspect Eoin Cafferey
9%
47. In Vino Veritas Suspect Eoin Cafferey
9%
56. To Eternity and Beyond Quasi-Suspect Eoin Cafferey
9%
57. Reap What You Sow Suspect Eoin Cafferey
9%
44. A Crime Like No Udder Suspect Fabian Roland-Tavin
9%
48. To Kingdom Come Suspect Fabian Roland-Tavin
9%
59. Eve of Disaster Suspect Fiona Maris
9%
20. No Mercy for Old Men Quasi-Suspect Grayson Rosewater
9%
24. The Truth Hurts Suspect Grayson Rosewater
9%
25. Muddying the Waters Quasi-Suspect Grayson Rosewater
9%
17. Downward-Facing Dead Suspect Guruji
9%
45. A Pointy End Suspect Harley Sackville
9%
22. Color Me Murdered Killer Haruki Kato
9%
23. I Lost My Heart in Xerda Suspect Hazel Galloway
9%
38. Pain in the Neck Killer Isabella Narcisse
9%
35. In Cold Blood Suspect Jenna McFry
9%
50. Lights Out Suspect Jenna McFry
9%
44. A Crime Like No Udder Suspect Joey Beatty
9%
13. Gone Pear-Shaped Suspect Jon Benson
9%
50. Lights Out Suspect Jon Benson
9%
59. Eve of Disaster Victim Jon Benson
9%
28. Dead Men Tell No Tales Victim Joshua Gibson
9%
31. Domesday Quasi-Suspect Kai Gruber
9%
52. Head Case Suspect Kai Gruber
9%
34. Death in My Hand Suspect Keith Vaughan
9%
36. Up in Flames Suspect Keith Vaughan
9%
3. The Saddest of All Keys Killer Kevin St Kevin
9%
26. Bone of Contention Killer Kitty Young
9%
21. Writer's Blocked Suspect Laura Crosby
9%
23. I Lost My Heart in Xerda Suspect Laura Crosby
9%
53. Playing Dead Suspect Leif Ström
9%
41. Trick or Treat Suspect Lily Chen
9%
25. Muddying the Waters Suspect Lola Vallez
9%
29. Light My Fire Suspect Lola Vallez
9%
30. Blood in the Water Suspect Lola Vallez
9%
43. Fields of Murder Suspect Lorenzo Sims
9%
46. Like a Pig to the Slaughter Killer Lorenzo Sims
9%
37. Final Cut Suspect Luke Harris
9%
17. Downward-Facing Dead Suspect Lyle Bass
9%
46. Like a Pig to the Slaughter Quasi-Suspect Mallory Banks
9%
54. Breaking News Suspect Mallory Banks
9%
4. Cross My Heart Quasi-Suspect Marcus Cannon
9%
16. Buzz Kill Quasi-Suspect Marcus Cannon
9%
20. No Mercy for Old Men Suspect Margaret Littlewood
9%
51. Out of Breath Suspect Martin Davenport
9%
56. To Eternity and Beyond Suspect Martin Davenport
9%
59. Eve of Disaster Killer Martin Davenport
9%
27. Behind These Walls Victim Mason Bloom
9%
17. Downward-Facing Dead Killer Max Gaynes
9%
11. Hot Mess Suspect Maylin Park
9%
48. To Kingdom Come Suspect Maylin Park
9%
39. Deadeye Killer Monica Pozie
9%
41. Trick or Treat Quasi-Suspect Monica Pozie
9%
29. Light My Fire Quasi-Suspect Mortimer Pickering
9%
30. Blood in the Water Quasi-Suspect Mortimer Pickering
9%
22. Color Me Murdered Suspect Olive Powell
9%
50. Lights Out Quasi-Suspect Olive Powell
9%
13. Gone Pear-Shaped Suspect One-Tooth Sam
9%
45. A Pointy End Suspect Oswin Piper
9%
59. Eve of Disaster Suspect Oswin Piper
9%
28. Dead Men Tell No Tales Suspect Patricia P. Harris
9%
30. Blood in the Water Suspect Patricia P. Harris
9%
26. Bone of Contention Victim Penny Farrell
9%
21. Writer's Blocked Victim Reggie Liotta
9%
38. Pain in the Neck Victim René Narcisse
9%
7. Flatline Killer Richard Harding
9%
53. Playing Dead Suspect Rick Murray
9%
15. Murder on the Dance Floor Killer Robyn Ash
9%
7. Flatline Suspect Roman Harris
9%
9. Shooting Star Victim Ronald Rooney
9%
7. Flatline Suspect Ruby Armstrong
9%
12. The Art of Murder Suspect Ruby Armstrong
9%
50. Lights Out Victim Ryan Min
9%
8. Stonewalled Victim Stella Ziarati
9%
15. Murder on the Dance Floor Suspect Tallulah Shropshire
9%
44. A Crime Like No Udder Killer Tallulah Shropshire
9%
3. The Saddest of All Keys Suspect Tank
9%
16. Buzz Kill Suspect Theo Zane
9%
19. The Lost City Killer Theresa Cole
9%
21. Writer's Blocked Quasi-Suspect Timothy
9%
51. Out of Breath Suspect Trishna Joshi
9%
56. To Eternity and Beyond Victim Trishna Joshi
9%
11. Hot Mess Victim Voodoo Vince
9%
54. Breaking News Quasi-Suspect Ad Astra Members
0%
21. Writer's Blocked Suspect Ally Salinger
0%
49. Dearly Departured Suspect Amity Malone
0%
27. Behind These Walls Suspect Anita Diaz
0%
25. Muddying the Waters Killer Anuj Ghosh
0%
10. The Bloom of Doom Suspect Astro Hawtee
0%
25. Muddying the Waters Suspect Aubrey Coprolite
0%
20. No Mercy for Old Men Killer Basil Cavendish
0%
26. Bone of Contention Suspect Benjamin Fetcher
0%
28. Dead Men Tell No Tales Quasi-Suspect Benjamin Fetcher
0%
30. Blood in the Water Suspect Benjamin Fetcher
0%
3. The Saddest of All Keys Suspect Boris Chiswick
0%
4. Cross My Heart Victim Brad Price
0%
26. Bone of Contention Suspect Carlos Cachorro
0%
31. Domesday Quasi-Suspect Catherine Kelly
0%
47. In Vino Veritas Suspect Cedric Duchateau
0%
7. Flatline Suspect Celeste Masters
0%
46. Like a Pig to the Slaughter Suspect Charlotte Webb
0%
51. Out of Breath Killer Clyde Black
0%
8. Stonewalled Suspect Constance Bell
0%
29. Light My Fire Suspect Crispin Ruff
0%
5. Too Cruel for School Suspect Dana Lopez
0%
7. Flatline Suspect Danny Gibbs
0%
25. Muddying the Waters Suspect Danny Gibbs
0%
31. Domesday Killer Dan Scruffinsky
0%
20. No Mercy for Old Men Suspect Edith Bradley
0%
12. The Art of Murder Suspect Eleanor Abernathy
0%
13. Gone Pear-Shaped Suspect Eugene Goffman
0%
50. Lights Out Killer Felix Murray
0%
28. Dead Men Tell No Tales Suspect Glen Coleman
0%
8. Stonewalled Killer Guadalupe del Prado
0%
47. In Vino Veritas Killer Jacinta Linares
0%
20. No Mercy for Old Men Suspect Jack Cannity
0%
10. The Bloom of Doom Suspect Jackson J. Jackson
0%
4. Cross My Heart Suspect Javier Morales
0%
21. Writer's Blocked Killer Jebediah Cobb
0%
21. Writer's Blocked Suspect Jerry Miller
0%
56. To Eternity and Beyond Killer John C. Birk
0%
40. Game, Set, Murder Suspect John McKenzie
0%
25. Muddying the Waters Victim Jordan Coprolite
0%
14. Byte the Dust Suspect Kaitlyn Flynn
0%
11. Hot Mess Suspect Kiki Shae
0%
10. The Bloom of Doom Suspect Megu Hashira
0%
12. The Art of Murder Suspect Megu Hashira
0%
24. The Truth Hurts Suspect Meiko Kato
0%
29. Light My Fire Suspect Meredith Dernier
0%
9. Shooting Star Suspect Mike Cove
0%
29. Light My Fire Suspect Mike Cove
0%
22. Color Me Murdered Suspect Miracle Girl
0%
25. Muddying the Waters Suspect Nathaniel Earl
0%
11. Hot Mess Killer Nicolette Butler
0%
45. A Pointy End Suspect Norma Cole
0%
8. Stonewalled Suspect Omar Al Hadawi
0%
50. Lights Out Suspect Oscar Thompson
0%
13. Gone Pear-Shaped Victim Paul Gigs
0%
3. The Saddest of All Keys Suspect Rose Sweet
0%
27. Behind These Walls Suspect Ruben Lindstrom
0%
28. Dead Men Tell No Tales Suspect Ruth Matuszak
0%
50. Lights Out Quasi-Suspect Ruth Matuszak
0%
10. The Bloom of Doom Killer Sean Rubio
0%
2. Hell is Other People Quasi-Suspect Security Guard
0%
49. Dearly Departured Killer Shane Redfern
0%
47. In Vino Veritas Quasi-Suspect Sofia Quadrelli
0%
49. Dearly Departured Quasi-Suspect Sofia Quadrelli
0%
21. Writer's Blocked Suspect Steve Roy
0%
6. Hear My Cry Suspect Stewart Benedict
0%
56. To Eternity and Beyond Quasi-Suspect Summer Klein
0%
22. Color Me Murdered Suspect Tamu Wanjiku
0%
49. Dearly Departured Suspect Tamu Wanjiku
0%
15. Murder on the Dance Floor Suspect Teddy Brooks
0%
11. Hot Mess Suspect Thunder Dave
0%
52. Head Case Suspect Tobias Randall
0%
4. Cross My Heart Suspect Tristan Collins
0%
2. Hell is Other People Suspect Tyler Schultz
0%
10. The Bloom of Doom Victim Valereea Valz
0%
13. Gone Pear-Shaped Killer Waldo Gigs
0%
46. Like a Pig to the Slaughter Suspect Wilbur Abernathy
0%
22. Color Me Murdered Suspect William Butler
0%
9. Shooting Star Killer Yoshinobu Akagi
0%
15. Murder on the Dance Floor Suspect Ziggy Sparks
0%
No matching quizzes found
Score Distribution
Percent of People with Each Score
Percentile by Number Answered
Your Score History
You have not taken this quiz